尋找一隻鳥的名字

資料類型: Book 圖書   書目號:32221

Leader xxxxxxxxxx
001 __ 86074941
005 __ 19950621141625.0
008 __                                    chi  
010 0_ |a957-583-307-4|b平裝|dNT$150
020 __ |acw|b83007582
050 __ |a83007582
100 __ |a19950426d1994    km y0chiy0109    e.
101 0_ |achi.
102 __ |acw.
105 __ |ay   z   000yy.
200 1_ |a尋找一隻鳥的名字 |e|f洪素麗著
205 __ |a
210 __ |a臺北市|c晨星|d民83.
215 0_ |a760面|c|d21公分.
225 __ |a自然公園|v3
260 1_ |a1994.
606 __ |2csh|a職業|x分類|y中國.
681 __ |a855|b2179|y83|v增訂七版.
700 __ |a|b素麗|4702 __ |a|b|4
712 02 |a行政院勞工委員會|4編.
  
詳細館藏(共 1 筆)
索 書 號登 錄 號冊次號館別 / 館藏地流通類型狀態加入預約清單電子資源
855 / 8235 5002776  鄉土教育資源中心 / 鄉土教育資源中心 不可外借 在館   

| 條列資料




目錄查詢 分類查詢 個人資料 圖書薦購 新書查詢 閉館日 排行榜 更多電子資源 Hami書城 線上資料庫 登出

From : 216.73.216.116

  本日流通累計至 14:28:44 借閱 : 7 次 續借 : 0 次 歸還 : 9 次 預約 : 0 次 電子資源 : 0 次


內湖高中圖書館  PCLIS 版本  25.5.0.2